| 000 | 01796nam a2200397 a 4500 | ||
|---|---|---|---|
| 003 | CHAP | ||
| 005 | 20230421182828.0 | ||
| 007 | ta | ||
| 008 | 230421s2020 spaado|fr|||| 001 0 spa d | ||
| 020 | _a978-84-16383-60-3 | ||
| 040 |
_amxchpua _cCHAP _erda |
||
| 050 | 1 | 0 |
_aHD31.2 _b.S26 2020 |
| 082 | 0 | 0 |
_a658.403 _bS26 2020 _220 |
| 100 | 1 |
_9186739 _aSanta Cruz Chao, José Manuel _eautor |
|
| 245 | 1 | 0 |
_aMás empresas / _cJosé Manuel Santa Cruz Chao |
| 250 | _a1a edición | ||
| 264 |
_aEspaña : _bDELTA , _c2020 |
||
| 300 |
_axvi, 155 páginas : _bilustraciones, gráficas, tablas y fotos |
||
| 336 |
_2rdacontent _atexto _btxt |
||
| 337 |
_2rdamedia _asin medio _bn |
||
| 338 |
_2rdacarrier _avolumen _bnc |
||
| 490 | 1 |
_aInnovación Docente y TIC (DELTA) _v9 |
|
| 504 | _aBibliografía: páginas 153-156 | ||
| 505 | 0 | _aLa dirección de mercadotecnia. -- La dirección de producción. -- La dirección financiera. | |
| 520 | 2 | _aEste libro trata, a modo de sencilla guía, de llevarnos y adentrarnos en el mundo de la empresa y hace posible que entendamos la transformación de la materia prima, la posibilidad de endeudamiento y la capacidad de convencer a los compradores de que nuestro producto es el mejor y el que les interesa. Sus contenidos más concretos son: La dirección de mercadotecnia. La dirección de producción. La dirección financiera. | |
| 650 | 1 | 3 |
_9186494 _aPlanificación financiera |
| 650 | 1 | 7 |
_9113662 _aToma de decisiones |
| 650 | 1 | 3 |
_9148164 _aMercadotecnia |
| 650 | 1 | 3 |
_9146311 _aTecnología de producción |
| 650 | 1 | 3 |
_9186496 _aFinancial planning |
| 650 | 1 | 3 |
_9152738 _aDecision making |
| 650 | 1 | 3 |
_9148134 _aMarketing |
| 650 | 1 | 3 |
_9186752 _aProduction technology |
| 830 | 0 |
_9186750 _aInnovación Docente y TIC (DELTA) _n9 |
|
| 942 |
_2ddc _cLibro |
||
| 999 |
_c218613 _d218613 |
||